[Event "ODEM U14 2010"]
[Site "Oberhof GER"]
[Date "2010.05.29"]
[Round "7"]
[White "Michalowski, Melina"]
[Black "Falke, Janis"]
[Result "1/2-1/2"]
[Termination "normal"]
[Board "22"]
[WhiteElo "1006"]
[BlackElo "904"]
[PlyCount "33"]
[WhiteFideId "12902462"]
[EventCountry "GER"]
[EventRounds "7"]
[EventType "swiss"]
[EventDate "2010.05.22"]

1. d4 d5 2. Nf3 Nf6 3. g3 Bf5 4. Bg2 e6 5. O-O Bd6 6. Nbd2 Nc6 7. a3 O-O 8. c4
dxc4 9. Nxc4 Bg4 10. e3 e5 11. d5 Ne7 12. h3 Bxf3 13. Bxf3 e4 14. Bg2 Nexd5 15.
Qc2 Re8 16. Rd1 c6 17. b4 1/2-1/2

[Event "ODEM U14 2010"]
[Site "Oberhof GER"]
[Date "2010.05.29"]
[Round "7"]
[White "Svane, Frederik"]
[Black "Michalowski, Sophia"]
[Result "0-1"]
[Termination "normal"]
[Board "23"]
[WhiteElo "821"]
[BlackElo "956"]
[PlyCount "113"]
[WhiteFideId "12923044"]
[BlackFideId "12902454"]
[EventCountry "GER"]
[EventRounds "7"]
[EventType "swiss"]
[EventDate "2010.05.22"]

1. e4 d5 2. exd5 Qxd5 3. Nc3 Qa5 4. Bc4 Nf6 5. d3 c6 6. Bd2 Qd8 7. Nge2 Bf5 8.
O-O e6 9. Be3 Bd6 10. Bg5 Nbd7 11. Re1 O-O 12. Nd4 Qc7 13. h3 Qb6 14. Nb3 Bg3
15. Be3 Qc7 16. fxg3 Qxg3 17. Bf2 Qg6 18. Re3 b5 19. Rg3 Qh6 20. Be3 Qh5 21.
Qxh5 Nxh5 22. Rg5 bxc4 23. Rxh5 cxb3 24. axb3 Bg6 25. Rg5 h6 26. Rga5 a6 27.
Rxa6 Rxa6 28. Rxa6 Rc8 29. Ra7 Nf6 30. Na4 Nd5 31. Nb6 Rd8 32. Nxd5 cxd5 33. b4
Rb8 34. Bc5 Rc8 35. Be7 Rxc2 36. b5 Rxb2 37. Ra5 Bxd3 38. Bc5 Rxb5 39. Rxb5
Bxb5 40. Bd6 d4 41. Kf2 d3 42. Ke3 f6 43. Bb4 e5 44. Ke4 Kf7 45. Kf5 g6+ 46.
Ke4 Ke6 47. Bd2 f5+ 48. Ke3 Bc6 49. g3 e4 50. Kf2 Kf6 51. Bc3+ Kf7 52. Bd2 g5
53. h4 gxh4 54. gxh4 Kg6 55. Bf4 Kh5 56. Bg3 Kg4 57. Be5 0-1

[Event "ODEM U14 2010"]
[Site "Oberhof GER"]
[Date "2010.05.29"]
[Round "7"]
[White "Eggert, Daniela"]
[Black "Morio, Estelle"]
[Result "0-1"]
[Termination "normal"]
[Board "24"]
[WhiteElo "971"]
[BlackElo "881"]
[PlyCount "70"]
[WhiteFideId "12991490"]
[BlackFideId "12951951"]
[EventCountry "GER"]
[EventRounds "7"]
[EventType "swiss"]
[EventDate "2010.05.22"]

1. e4 d6 2. Nf3 Nf6 3. Nc3 e5 4. Be2 Be7 5. O-O O-O 6. d3 b6 7. Bg5 Bb7 8. d4
Nbd7 9. dxe5 dxe5 10. Nd2 c5 11. Bd3 Rc8 12. Qf3 Re8 13. Qg3 Nh5 14. Bxe7 Nxg3
15. Bxd8 Nxf1 16. Nxf1 Rexd8 17. Re1 Nf6 18. Re3 Rd7 19. f3 Rcd8 20. Nb5 a6 21.
Nc3 b5 22. b3 Bc6 23. h3 b4 24. Na4 Bxa4 25. bxa4 a5 26. Bb5 Rc7 27. a3 c4 28.
g4 b3 29. cxb3 c3 30. Bc4 c2 31. Rc3 Rd1 32. Rxc2 Rcd7 33. Be2 Ra1 34. Bb5 Rd8
35. g5 Nh5 0-1